Logo BPK

Biblioteka

Politechniki Koszalińskiej

Laboratorium podstaw elektroniki / (Rekord nr 7297)

Szczegóły MARC
000 -ETYKIETA REKORDU
podpole kontrolne o stałej długości 00431nam a2200169 i 4500
001 - NUMER KONTROLNY REKORDU
pole kontrolne bg
040 ## - ŹRÓDŁO KATALOGOWANIA
Instytucja, która utworzyła rekord BPK
041 ## - KOD JĘZYKA
Kod języka tekstu pol
008 - POLE O STAŁEJ DŁUGOŚCI - DANE KONTROLNE
podpole kontrolne o stałej długości s pl f |000 0 pol
100 1# - NAZWA OSOBOWA
Nazwa osobowa KALITA, Włodzimierz
245 #0 - TYTUŁ/ODPOWIEDZIALNOŚĆ
Tytuł Laboratorium podstaw elektroniki /
Pozostałe elementy strefy tytułu i oznaczenia odpowiedzialności Włodzimierz Kalita, Andrzej Kusy, Walaszek M.
250 ## - STREFA WYDANIA
Oznaczenie wydania Wyd.2.
260 ## - STREFA ADRESU WYDAWNICZEGO
Miejsce wydania Warszawa,
Data publikacji, dystrybucji/powstania dokumentu 1971.
700 1# - HASŁO DODATKOWE - NAZWA OSOBOWA
Nazwa osobowa KUSY, Andrzej
700 1# - HASŁO DODATKOWE - NAZWA OSOBOWA
Nazwa osobowa WALASZEK, M.
856 ## - LOKALIZACJA I DOSTĘP DO ELEKTRONICZNYCH DOKUMENTÓW ZDALNYCH
Link (URL) http://koha.tu.koszalin.pl/cgi-bin/koha/opac-detail.pl?biblionumber=7297
Tekst linku Katalog online BPK
942 ## - DODATKOWE ELEMENTY (KOHA)
Typ dokumentu Książka
Egzemplarze
Wycofany Status egzemplarza Uszkodzony Dostępność Lokalizacja stała Lokalizacja bieżąca Miejsce przechowywania Sygnatura Kod kreskowy Typ dokumentu
      Dostępny Biblioteka Politechniki Koszalińskiej Biblioteka Politechniki Koszalińskiej Wypożyczalnia BG P 2858 01394672 Książka
© 2023 Biblioteka Politechniki Koszalińskiej :: KOHA